header

Trauma, attachment, and family permanence (Record no. 58054)

MARC details
000 -LEADER
fixed length control field 01285nam a2200313Ia 4500
082 04 - DEWEY DECIMAL CLASSIFICATION NUMBER
Classification number 618.92/8521
245 00 - TITLE STATEMENT
Title Trauma, attachment, and family permanence
260 ## - PUBLICATION, DISTRIBUTION, ETC. (IMPRINT)
Place of publication Philadelphia :
Name of publisher J. Kingsley,
Year of publication 2003.
300 ## - PHYSICAL DESCRIPTION
Number of Pages 336 p.
650 #0 - SUBJECT ADDED ENTRY--TOPICAL TERM
Topical Term Attachment behavior in children.
Topical Term Families
Topical Term Psychic trauma in children.
700 1# - ADDED ENTRY--PERSONAL NAME
Personal name Archer, Caroline,
856 40 - ELECTRONIC LOCATION AND ACCESS
Uniform Resource Identifier http://site.ebrary.com/lib/rucke/Doc?id=10035687

No items available.

© 2026 Rongo University
Contact us: librarian | system librarian | Rongo university